Les portes fictives - Statistiques

Statistiques générales
  • Ce quiz a été pris 52 fois
  • Le résultat moyen est 8 sur 16
Statistiques - réponses
Par images Réponse % Correct
Le Seigneur des Anneaux
90%
Monstres et Cie
88%
Le Labyrinthe
84%
Jurassic Park
78%
Friends
73%
Le Monde de Narnia
73%
Harry Potter
67%
The Truman Show
65%
Shining
47%
Alice au pays des merveilles
45%
Stargate
45%
Les mystérieuses cités d'or
27%
Beetlejuice
20%
Titanic
16%
La Prisonnière du désert
10%
La Grande Vadrouille
8%
Aucun quiz correspondant
Distribution des résultats
% des personnes avec chaque résultat
Percentile par nombre de réponses
Votre historique - résultats
Vous n’avez pas pris ce quiz